000 02577nam a2200277 4500
001 ESSALUD
005 20260701155323.0
007 ta
008 t pe ||||| |||| 00| 0 spa d
040 _aBMG
041 _aspa
100 _aChiong Lizano, Orlando Yahir
_eAutor
_953079
245 _aLa medida cautelar en la Ley del Procedimiento Administrativo General como garantía estructural de la tutela administrativa efectiva ante situaciones de urgencia
246 _aPrecautionary measures in the General Administrative Procedure Law as a structural guarantee of effective administrative protection in urgent situations
300 _apáginas 151-162
520 _aEl artículo examina la medida cautelar prevista en el Texto Único Ordenado de la Ley del Procedimiento Administrativo General - Ley Nº 27444, como instrumento esencial para asegurar la tutela administrativa en situaciones urgentes, revisando su naturaleza, finalidad y fundamento normativo. El estudio también aborda su relación con la autotutela administrativa y los referentes comparados europeo-latinoamericanos. Finalmente, se identifican limitaciones normativas y operativas en la aplicación de las medidas cautelares en sede administrativa en el Perú y se plantean lineamientos orientados a fortalecer su eficacia dentro de un modelo administrativo garantista y orientado al valor público.
520 _aThis article examines the precautionary measure provided far in the Consolidated Text of the General Administrative Procedure Law - Law No. 27444 – as an essential instrument for ensuring administrative protection in urgent situations, reviewing its nature, purpose, and legal basis. The study also addresses its relationship with administrative self-protection and comparative European and Latin American precedents. Finally, it identifies regulatory and operational limitations in the application of precautionary measures in administrative proceedings in Peru and proposes guidelines aimed at strengthening their effectiveness within a rights-based administrative model oriented toward public value.
650 _aMEDIDA CAUTELAR
_953080
650 _aTUTELA ADMINISTRATIVA EFECTIVA
_953081
650 _aAUTOTUTELA ADMINISTRATIVA
_953082
650 _aPRECAUTIONARY MEASURE
_953083
650 _aEFFECTIVE ADMINISTRATIVE PROTECTION
_953084
650 _aADMINISTRATIVE SELFPROTECTION
_953085
773 0 _022573
_922621
_dLima Grupo Praxis Formación Profesional, 2026-
_oPRA002
_tPraxis Civil & Procesal Civil
_wESSALUD
_x3119-7671
942 _cARTICULOS
_e2026-07-01
_zsqb
999 _c22604
_d22604